Модифицированные цементные бетоны для устойчивого развития: учебное пособие

מידע ביבליוגרפי
מחבר ראשי: Зайченко Н. М. Николай Михайлович
סיכום:В учебном пособии рассмотрены технология и строительно-технические свойства модифицированных химическими и минеральными добавками цементных бетонов различного назначения, в том числе специальных, отвечающих основным принципам устойчивого развития (долговечность, надёжность, ресурсосбережение и энергоэффективность). Отражены инновационные решения в технологии современных бетонов, вяжущих веществ и заполнителей. Представлена подробная характеристика минеральных добавок и химических модификаторов бетона мировых лидеров строительной химии (BASF, MAPEI, Sika, MC-Bauchemie, GRACE, CORTEC и др.). Приведены действующие нормативные документы (ДСТУ, ГОСТ, ASTM, EN BS), регламентирующие технические требования к бетонам и их компонентам.
שפה:רוסית
יצא לאור: Саратов, Ай Пи Эр Медиа, 2018
סדרה:Университетский учебник
נושאים:
פורמט: ספר
KOHA link:https://koha.lib.tpu.ru/cgi-bin/koha/opac-detail.pl?biblionumber=343041

MARC

LEADER 00000nam0a2200000 4500
001 343041
005 20231102005521.0
010 |a 9785448601323 
035 |a (RuTPU)RU\TPU\book\372792 
090 |a 343041 
100 |a 20190619d2018 m y0rusy50 ca 
101 0 |a rus 
102 |a RU 
105 |a a j 001zy 
200 1 |a Модифицированные цементные бетоны для устойчивого развития  |e учебное пособие  |f Н. М. Зайченко 
210 |a Саратов  |c Ай Пи Эр Медиа  |d 2018 
215 |a 472 с.  |c ил. 
225 1 |a Университетский учебник 
320 |a Библиография в конце глав 
330 |a В учебном пособии рассмотрены технология и строительно-технические свойства модифицированных химическими и минеральными добавками цементных бетонов различного назначения, в том числе специальных, отвечающих основным принципам устойчивого развития (долговечность, надёжность, ресурсосбережение и энергоэффективность). Отражены инновационные решения в технологии современных бетонов, вяжущих веществ и заполнителей. Представлена подробная характеристика минеральных добавок и химических модификаторов бетона мировых лидеров строительной химии (BASF, MAPEI, Sika, MC-Bauchemie, GRACE, CORTEC и др.). Приведены действующие нормативные документы (ДСТУ, ГОСТ, ASTM, EN BS), регламентирующие технические требования к бетонам и их компонентам. 
606 1 |a Бетон и железобетон цементный  |2 stltpush  |3 (RuTPU)RU\TPU\subj\28459  |9 51987 
610 1 |a устойчивое развитие 
610 1 |a общестроительные цементы 
610 1 |a заполнители 
610 1 |a минеральные добавки 
610 1 |a химические добавки 
610 1 |a структурообразование 
610 1 |a твердение 
610 1 |a высокофункциональные бетоны 
610 1 |a специальные бетоны 
610 1 |a учебные пособия 
675 |a 691.327:666.972(075.8)  |v 4 
700 1 |a Зайченко  |b Н. М.  |g Николай Михайлович 
801 1 |a RU  |b 63413507  |c 20190619 
801 2 |a RU  |b 63413507  |c 20190902  |g RCR 
942 |c BK 
959 |a 6/20190619  |d 1  |e 820,00  |f ЧЗТЛ:1